01502nam a2200277Ia 4500001001200000003000800012006001900020007001500039008004100054040002100095035002100116050002400137110010000161245034700261260005800608300001300666500007700679533015200756650003800908650003700946650005200983655002901035710001701064856012601081999001701207ebr10071963CaPaEBRm u cr cn|||||||||080920s1999 dcu s 000 0deng d aCaPaEBRcCaPaEBR a(OCoLC)27093258214aQ182.7b.N38 1999eb2 aNational Research Council (U.S.).bMathematical Sciences Education Board.bExecutive Committee.10aServing the needs of pre-college science and mathematics educationh[electronic resource] :bimpact of a digital national library on teacher education and practice : proceedings from a National Research Council Workshop /cExecutive Committee, Mathematical Sciences Education Board, Center for Science, Mathematics, and Engineering Education. aWashington, D.C. :bNational Research Council,c1999. av, 39 p. aIncludes biographical sketches of Digital Library Workshop participants. aElectronic reproduction.bPalo Alto, Calif. :cebrary,d2009.nAvailable via World Wide Web.nAccess may be limited to ebrary affiliated libraries. 0aDigital librarieszUnited States. 0aMathematicsxStudy and teaching. 0aSciencexStudy and teachingxDigital libraries. 7aElectronic books.2local2 aebrary, Inc.40uhttp://site.ebrary.com/lib/rucke/Doc?id=10071963zAn electronic book accessible through the World Wide Web; click to view c33558d33558